000 00332nam a2200145Ia 4500
100 _aNorton/P/ Socha/J
942 _cBK
654 _aIBM Pc
245 _aAssembly Language Book for The IBM PC
260 _bPrentice Hall of India
_aNew York
_c1986
082 _a1.6
_bNor/Soc
300 _a416
546 _aENGLISH
999 _c21952
_d21952